zpět

Detail výsledku týmu

Pěkná brynda ST, Beroun

Datum a čas kvízu

22 Celkem bodů Celkový počet nahraných bodů na tomto kvízu bez doplňovacích otázek.
7. Pořadí na kvízu Konečné umístění týmu na tomto kvízu.

Zaznamenané odpovědi

# Otázka Odpověď Body Výsledky
1. Jedna oblíbená česká služba do... Dáme jídlo 1
2. Fotografie státní tajemnice pr... Francie 0
3. Jeden český umělec se v ponděl... Michal Hrůza 0
4. Podle žebříčku zveřejněného v... Bernard Arnault 0
5. Český sport slaví diplomatický... Petr Fousek 0
6. Podstatou biotechnologií je vy... 2 (1928), Alexander Fleming 0.5
7. Kontroverzní americká společno... A) kukuřice 1
8. „Miliardy spojenců L. casei im... lactobacillus 1
9. Využití mikroorganismů k získá... kombucha 1
10. Biotechnologické téma zakončí... C 0